[Event "94th FRA-ch 2019"]
[Site "Chartres"]
[Date "2019.08.17"]
[Round "1.1"]
[White "Edouard, Romain"]
[Black "Gozzoli, Yannick"]
[Result "1/2-1/2"]
[WhiteElo "2650"]
[BlackElo "2614"]
[Annotator "TA"]
[PlyCount "37"]
[EventDate "2019.08.17"]
[EventType "tourn"]
[EventCountry "FRA"]
[SourceTitle "playchess.com"]
[Source "ChessBase"]
[SourceQuality "1"]

{[%evp 9,37,12,14,10,22,0,0,0,-5,0,0,0,0,0,0,0,0,0,0,0,7,1,9,9,6,0,10,0,0,-7]} 1. d4 Nf6 2. c4 g6 3. h4 Bg7 $146 (3... c5 4. d5 b5 5. cxb5 a6 6. bxa6 Bg7 7. Nc3 O-O 8. e4 d6 9. Nf3 Qa5 10. Bd2 Bxa6 {½-½ (68) Topalov,V (2780)-Giri,A (2793) Moscow 2016}) 4. Nc3 c5 5. d5 e6 {The position is equal.} 6. e4 {White wants to play e5. E60: King's Indian: Unusual lines and Fianchetto Variation without Nc3} exd5 7. exd5 O-O $1 8. Be2 Re8 9. Kf1 a6 10. a4 d6 11. h5 Nbd7 12. h6 Bh8 13. Bg5 Qb6 14. Rb1 Ne4 15. Nxe4 Rxe4 16. Bd3 Re8 {next ...Ne5 is good for Black.} 17. Nf3 Nf6 18. Nd2 Ng4 19. Nf3 1/2-1/2

[Event "94th FRA-ch 2019"]
[Site "Chartres"]
[Date "2019.08.17"]
[Round "1.2"]
[White "Lagarde, Maxime"]
[Black "Feller, Sebastien"]
[Result "1/2-1/2"]
[WhiteElo "2626"]
[BlackElo "2577"]
[Annotator "TA"]
[PlyCount "132"]
[EventDate "2019.08.17"]
[EventType "tourn"]
[EventCountry "FRA"]
[SourceTitle "playchess.com"]
[Source "ChessBase"]
[SourceQuality "1"]

{[%evp 20,132,35,24,33,18,14,12,20,-39,5,5,0,-52,-41,-37,-30,-81,-82,-103,-112,-152,-152,-137,-120,-105,-35,-43,-41,-33,-39,-49,0,-79,-41,-54,-53,-54,-58,-58,-43,-50,-39,-75,-83,-76,-75,-88,-60,-60,-60,-68,-68,-68,-68,-68,-60,-68,-60,-60,-60,-60,-60,-60,-68,-68,-60,-60,-53,-53,-53,-53,-8,-8,-8,-8,-8,-8,-8,-8,-8,-8,-8,-8,-8,-8,-8,-8,-8,-8,0,-86,0,0,0,0,0,0,0,0,0,0,0,0,0,0,0,0,0,0,0,0,0,0,0]} 1. e4 c5 2. Nf3 Nc6 3. Nc3 g6 4. d4 cxd4 5. Nxd4 Bg7 6. Be3 Nf6 7. Bc4 O-O 8. Bb3 d6 9. h3 Bd7 10. O-O Qa5 11. Re1 Rfc8 {B35: Sicilian: Accelerated Dragon with 5 Nc3: main line} 12. Nf3 Be8 13. Bg5 {[#]} h6 $146 ({Predecessor:} 13... Nd7 14. Nd5 e6 15. Ne7+ Nxe7 16. Bxe7 Bxb2 17. Rb1 Bg7 18. Bxd6 Ne5 19. Bxe5 Bxe5 20. Bd5 Bc3 21. Bxb7 Bxe1 22. Qxe1 Qxa2 23. Bxc8 Rxc8 24. Ra1 Qxc2 25. Rxa7 Qc1 {½-½ (25) Kurnosov,I (2602)-Bacrot,E (2722) Moscow 2009}) 14. Bh4 ({Better is} 14. Be3 $11) 14... Nd7 15. Nd5 e6 ({Of course not} 15... Bxb2 $6 16. Bxe7 Bxa1 17. Qxa1 $16) 16. Ne7+ (16. Ne3 $11) 16... Nxe7 $15 17. Bxe7 Bxb2 18. Bxd6 (18. Rb1 $11 {keeps the balance.} Bc3 19. Re3) 18... Rd8 $17 {Strongly threatening ...Ne5.} 19. Re3 Ne5 20. Nxe5 Bxe5 21. Rd3 Bxd6 22. Rxd6 Rxd6 ({Black should play} 22... Bc6 $17 23. Qd4 Rxd6 24. Qxd6 Bxe4 25. Bxe6 Qc3) 23. Qxd6 $15 Bc6 24. Rd1 Bxe4 {[#]} 25. Bxe6 $1 {[%mdl 512]} Qg5 {[%csl Ge4][%cal Rg5g2] [#]} (25... fxe6 26. Qxe6+) 26. g3 (26. Bxf7+ $1 $11 {[%mdl 512]} Kxf7 27. Qc7+ Kf8 28. Qd6+ Kf7 29. Qd7+ Kf8 30. Qd6+ Kf7) 26... Qf6 27. Bg4 Qxd6 28. Rxd6 {[%mdl 4096] Endgame KRB-KRB} Re8 29. c4 Bc6 30. Kf1 $1 Re5 31. Bd7 Bf3 32. Bg4 Bxg4 33. hxg4 $17 {KR-KR} Re4 34. c5 Rxg4 35. Rd7 Rb4 36. c6 bxc6 37. Rxa7 h5 38. a4 c5 39. a5 Ra4 40. a6 Kg7 41. Rc7 Rxa6 42. Rxc5 f5 43. Kg2 Ra4 44. Rc7+ Kh6 45. f4 h4 46. Kh3 hxg3 47. Kxg3 Ra3+ 48. Kh4 Rf3 49. Rc4 $1 Rf1 50. Kg3 Rg1+ 51. Kf3 Ra1 52. Kg3 Kh5 53. Rc3 Rg1+ 54. Kh2 (54. Kf2 $5 {[%cal Rf2g1]} Rb1 55. Kg3 $15) 54... Rg4 55. Rh3+ Rh4 56. Kg3 {[%csl Gg3][%cal Rh3h4] The position is equal.} Rxh3+ 57. Kxh3 $11 {KPP-KP} Kh6 58. Kh4 Kg7 {Threatens to win with ...Kf6.} 59. Kg3 $1 Kf6 60. Kf3 Ke7 61. Ke3 Kd8 {...Kd7 is the strong threat.} 62. Kd2 $1 Kc7 63. Kc3 Kc6 {( -> ...Kc5)} 64. Kc4 $1 Kd6 65. Kd4 Ke7 (65... Ke6 $5) 66. Ke3 Kf6 {Accuracy: White = 68%, Black = 61%.} 1/2-1/2

[Event "94th FRA-ch 2019"]
[Site "Chartres"]
[Date "2019.08.17"]
[Round "1.3"]
[White "Favarel, Julien"]
[Black "Gharamian, Tigran"]
[Result "0-1"]
[WhiteElo "2333"]
[BlackElo "2586"]
[Annotator "ChessBase"]
[PlyCount "80"]
[EventDate "2019.08.17"]
[EventType "tourn"]
[EventCountry "FRA"]
[SourceTitle "playchess.com"]
[Source "ChessBase"]
[SourceQuality "1"]
[TimeControl "40/5400+30:1800+30"]

1. d4 {[%emt 0:00:00]} Nf6 {[%emt 0:00:00]} 2. Nf3 {[%emt 0:00:00]} b6 {[%emt 0:01:20]} 3. Bg5 {[%emt 0:00:59]} Bb7 {[%emt 0:05:38]} 4. Nbd2 {[%emt 0:05:56]} e6 {[%emt 0:05:58]} 5. e3 {[%emt 0:09:48]} h6 {[%emt 0:05:14]} 6. Bh4 {[%emt 0:00:34]} Be7 {[%emt 0:00:36]} 7. h3 {[%emt 0:07:13]} d5 {[%emt 0:04:49]} 8. c3 {[%emt 0:11:14]} Nbd7 {[%emt 0:02:35]} 9. Be2 {[%emt 0:09:47]} Bd6 {[%emt 0:15:40]} 10. Nf1 {[%emt 0:18:57]} c5 {[%emt 0:18:42]} 11. Bg3 {[%emt 0:01:58]} Bc7 {[%emt 0:00:15]} 12. Bxc7 {[%emt 0:04:25]} Qxc7 {[%emt 0:00:06]} 13. N1d2 {[%emt 0:00:41]} O-O {[%emt 0:00:55]} 14. O-O {[%emt 0:00:52]} e5 {[%emt 0:01:16]} 15. dxe5 {[%emt 0:04:58]} Nxe5 {[%emt 0:00:09]} 16. Nxe5 {[%emt 0:00:10]} Qxe5 {[%emt 0:00:06]} 17. Nf3 {[%emt 0:03:09]} Qc7 {[%emt 0:02:25]} 18. Rc1 {[%emt 0:08:54]} Rad8 {[%emt 0:01:11]} 19. b4 {[%emt 0:01:19]} Ne4 {[%emt 0:14:00]} 20. Qc2 {[%emt 0:05:43]} Rd6 {[%emt 0:04:52]} 21. bxc5 {[%emt 0:01:27]} bxc5 {[%emt 0:01:58]} 22. Nd2 {[%emt 0:01:06]} Nf6 {[%emt 0:04:00]} 23. Rb1 {[%emt 0:01:30]} Bc8 {[%emt 0:00:23]} 24. Qa4 {[%emt 0:00:46]} Bf5 {[%emt 0:01:24]} 25. Rb2 {[%emt 0:00:11]} Rb6 {[%emt 0:00:21]} 26. Qa3 {[%emt 0:00:37]} Rfb8 {[%emt 0:00:53]} 27. Rb3 {[%emt 0:00:30]} Bc2 {[%emt 0:04:15]} 28. Rxb6 {[%emt 0:00:01]} axb6 {[%emt 0:00:08]} 29. c4 {[%emt 0:01:03]} Bf5 {[%emt 0:02:52]} 30. cxd5 {[%emt 0:00:35]} Nxd5 {[%emt 0:00:05]} 31. e4 {[%emt 0:00:34]} Nf4 {[%emt 0:00:09]} 32. Bc4 {[%emt 0:00:09]} Be6 {[%emt 0:01:23]} 33. Bxe6 {[%emt 0:00:42]} Nxe6 {[%emt 0:00:01]} 34. Qb2 {[%emt 0:00:21]} Qf4 {[%emt 0:00:43]} 35. g3 {[%emt 0:00:29]} Qc7 {[%emt 0:00:06]} 36. a4 {[%emt 0:00:17]} Qd7 {[%emt 0:01:12]} 37. h4 {[%emt 0:01:03]} Qxa4 {[%emt 0:00:10]} 38. Ra1 {[%emt 0:00:23]} Qd4 {[%emt 0:00:44]} 39. Qxd4 {[%emt 0:00:38]} Nxd4 {[%emt 0:00:05]} 40. Rb1 {[%emt 0:00:19]} b5 {[%emt 0:00:19]} 0-1

[Event "94th FRA-ch 2019"]
[Site "Chartres"]
[Date "2019.08.17"]
[Round "1.4"]
[White "Cornette, Matthieu"]
[Black "Fressinet, Laurent"]
[Result "1/2-1/2"]
[WhiteElo "2555"]
[BlackElo "2625"]
[Annotator "TA"]
[PlyCount "27"]
[EventDate "2019.08.17"]
[EventType "tourn"]
[EventCountry "FRA"]
[SourceTitle "playchess.com"]
[Source "ChessBase"]
[SourceQuality "1"]

{[%evp 9,27,6,10,7,12,0,8,6,25,25,18,14,18,15,38,52,41,35,29,25]} 1. e4 e5 2. Nf3 Nc6 3. Nc3 Nf6 4. g3 Bb4 5. Bg2 Bxc3 6. dxc3 {C47: Scotch Four Knights and Four Knights with 4 g3} (6. bxc3 Nxe4 7. Qe2 Nf6 8. Nxe5 O-O 9. Nxc6 dxc6 10. O-O Re8 11. Qc4 Be6 12. Qb4 Qc8 13. Re1 {0-1 (40) Le Roux,J (2607)-Fressinet,L (2722) Orsay 2018}) 6... d6 7. Qe2 h6 8. h3 {The position is equal.} Be6 9. b3 $146 ({Predecessor:} 9. c4 a5 10. b3 a4 11. Bb2 axb3 12. axb3 Rxa1+ 13. Bxa1 Qd7 14. Nd2 O-O 15. f4 Ra8 16. Bc3 Qe7 17. O-O Bd7 18. Ra1 Rxa1+ 19. Bxa1 {½-½ (19) Cigan,S (2353)-Mikac,M (2401) Bled 2002}) 9... Qe7 10. Bb2 O-O-O 11. O-O-O d5 12. exd5 Bxd5 13. Rhe1 Be4 14. Qc4 1/2-1/2

[Event "94th FRA-ch 2019"]
[Site "Chartres"]
[Date "2019.08.17"]
[Round "1.5"]
[White "Maze, Sebastien"]
[Black "Moussard, Jules"]
[Result "0-1"]
[WhiteElo "2554"]
[BlackElo "2595"]
[Annotator "ChessBase"]
[PlyCount "52"]
[EventDate "2019.08.17"]
[EventType "tourn"]
[EventCountry "FRA"]
[SourceTitle "playchess.com"]
[Source "ChessBase"]
[SourceQuality "1"]
[TimeControl "40/5400+30:1800+30"]

1. e4 {[%emt 0:00:00]} c5 {[%emt 0:00:00]} 2. Nc3 {[%emt 0:00:07]} e6 {[%emt 0:00:46]} 3. Nge2 {[%emt 0:01:11]} Nc6 {[%emt 0:03:00]} 4. d4 {[%emt 0:01:00]} cxd4 {[%emt 0:00:06]} 5. Nxd4 {[%emt 0:00:03]} Qc7 {[%emt 0:01:21]} 6. Be3 {[%emt 0:03:51]} a6 {[%emt 0:00:51]} 7. Qf3 {[%emt 0:00:15]} Nf6 {[%emt 0:00:14]} 8. O-O-O {[%emt 0:05:05]} Be7 {[%emt 0:00:23]} 9. Be2 {[%emt 0:03:50]} d6 {[%emt 0:00:16]} 10. g4 {[%emt 0:15:18]} Nxd4 {[%emt 0:01:34]} 11. Rxd4 {[%emt 0:00:26]} b5 {[%emt 0:06:49]} 12. g5 {[%emt 0:01:48]} Nd7 {[%emt 0:00:37]} 13. Qg3 {[%emt 0:08:02]} Bb7 {[%emt 0:04:16]} 14. Rhd1 {[%emt 0:10:14]} Rc8 {[%emt 0:03:23]} 15. Kb1 {[%emt 0:00:27]} O-O {[%emt 0:32:00]} 16. f4 {[%emt 0:02:14]} Nc5 {[%emt 0:02:38]} 17. Bf3 {[%emt 0:15:59]} Na4 {[%emt 0:04:36]} 18. R1d3 {[%emt 0:00:18]} Nb6 {[%emt 0:02:44]} 19. Rd1 {[%emt 0:03:49]} Nc4 {[%emt 0:06:31]} 20. Bc1 {[%emt 0:00:23]} b4 {[%emt 0:07:31]} 21. Ne2 {[%emt 0:00:21]} e5 {[%emt 0:01:19]} 22. fxe5 {[%emt 0:05:46]} Nxe5 {[%emt 0:00:09]} 23. c3 {[%emt 0:00:09]} a5 {[%emt 0:01:22]} 24. Bd2 {[%emt 0:03:10]} Nc4 {[%emt 0:02:08]} 25. Rc1 {[%emt 0:06:08]} Qb6 {[%emt 0:01:06]} 26. cxb4 {[%emt 0:01:35]} Qxd4 {[%emt 0:00:23]} 0-1

[Event "94th FRA-ch 2019"]
[Site "Chartres"]
[Date "2019.08.18"]
[Round "2.1"]
[White "Edouard, Romain"]
[Black "Favarel, Julien"]
[Result "1-0"]
[WhiteElo "2650"]
[BlackElo "2333"]
[Annotator "TA"]
[PlyCount "67"]
[EventDate "2019.08.17"]
[EventType "tourn"]
[EventCountry "FRA"]
[SourceTitle "playchess.com"]
[Source "ChessBase"]
[SourceQuality "1"]

{[%evp 15,24,13,7,8,26,22,14,18,14,16,15]} 1. d4 d5 2. Nf3 Nf6 3. e3 e6 4. Bd3 c5 5. O-O Nc6 6. c3 Be7 7. Nbd2 O-O 8. dxc5 Bxc5 9. b4 {D05: Colle System with ...e6} Be7 10. Bb2 e5 {[#] White must now prevent ...e4.The position is equal.} (10... a6 11. a4 Bd7 12. e4 Qc7 13. Re1 dxe4 14. Nxe4 Nxe4 15. Bxe4 Bf6 16. Qb1 h6 {0-1 (48) Edouard,R (2658)-Huschenbeth,N (2594) Skopje 2019}) 11. e4 $1 a6 $146 ({Predecessor:} 11... Bg4 12. exd5 Nxd5 13. Bc4 Nf4 14. Qc2 Qc7 15. Rfe1 Bf6 16. Ne4 Bxf3 17. Nxf6+ gxf6 18. gxf3 {0-1 (33) Kopnicky,F (1883)-Vrabel,M (2046) Slovakia 2017}) 12. Qc2 h6 13. a3 dxe4 14. Nxe4 Qc7 15. Rfe1 Nxe4 16. Bxe4 Bf6 17. c4 Be6 18. Bh7+ Kh8 19. Bf5 Rfe8 20. Bxe6 Rxe6 21. Re4 Rd8 22. Rae1 Nd4 23. Bxd4 exd4 24. Rxe6 fxe6 25. Qd3 a5 26. Rxe6 axb4 27. axb4 Rc8 28. g3 Qd7 29. Qf5 Rd8 30. Rxf6 gxf6 31. Qxf6+ Kg8 32. Qxh6 d3 33. Qg5+ Kh7 34. Ne5 1-0

[Event "94th FRA-ch 2019"]
[Site "Chartres"]
[Date "2019.08.18"]
[Round "2.2"]
[White "Fressinet, Laurent"]
[Black "Lagarde, Maxime"]
[Result "1-0"]
[WhiteElo "2625"]
[BlackElo "2626"]
[Annotator "ChessBase"]
[PlyCount "75"]
[EventDate "2019.08.17"]
[EventType "tourn"]
[EventCountry "FRA"]
[SourceTitle "playchess.com"]
[Source "ChessBase"]
[SourceQuality "1"]
[TimeControl "40/5400+30:1800+30"]

1. d4 {[%emt 0:00:00]} Nf6 {[%emt 0:00:00]} 2. Nf3 {[%emt 0:00:00]} g6 {[%emt 0:00:00]} 3. c4 {[%emt 0:00:00]} Bg7 {[%emt 0:00:00]} 4. Nc3 {[%emt 0:00:00]} d5 {[%emt 0:01:07]} 5. cxd5 {[%emt 0:00:14]} Nxd5 {[%emt 0:00:03]} 6. e4 {[%emt 0:00:06]} Nxc3 {[%emt 0:00:03]} 7. bxc3 {[%emt 0:00:05]} c5 {[%emt 0:00:02]} 8. Be3 {[%emt 0:00:10]} Qa5 {[%emt 0:00:09]} 9. Qd2 {[%emt 0:00:24]} O-O {[%emt 0:08:07]} 10. Rc1 {[%emt 0:00:31]} Bg4 {[%emt 0:02:42]} 11. Ng5 {[%emt 0:01:40]} Nc6 {[%emt 0:15:11]} 12. h3 {[%emt 0:06:36]} cxd4 {[%emt 0:01:59]} 13. cxd4 {[%emt 0:00:29]} Bd7 {[%emt 0:01:45]} 14. d5 {[%emt 0:20:59]} Qxd2+ {[%emt 0:18:51]} 15. Kxd2 {[%emt 0:04:59]} Na5 {[%emt 0:07:00]} 16. Bd3 {[%emt 0:02:20]} Rfd8 {[%emt 0:07:32]} 17. Bf4 {[%emt 0:20:38]} e5 {[%emt 0:10:39]} 18. Be3 {[%emt 0:06:52]} Bf8 {[%emt 0:07:42]} 19. f4 {[%emt 0:05:31]} exf4 {[%emt 0:12:40]} 20. Bxf4 {[%emt 0:00:12]} Rdc8 {[%emt 0:00:33]} 21. e5 {[%emt 0:04:16]} Ba3 {[%emt 0:00:38]} 22. Rxc8+ {[%emt 0:02:11]} Rxc8 {[%emt 0:00:01]} 23. Ne4 {[%emt 0:00:08]} Bf5 {[%emt 0:02:37]} 24. Nf6+ {[%emt 0:01:44]} Kg7 {[%emt 0:00:01]} 25. Nh5+ {[%emt 0:07:46]} gxh5 {[%emt 0:00:18]} 26. Bxf5 {[%emt 0:00:04]} Rc4 {[%emt 0:00:27]} 27. Be3 {[%emt 0:03:33]} Bc5 {[%emt 0:00:07]} 28. Bd3 {[%emt 0:01:37]} b6 {[%emt 0:00:04]} 29. Rf1 {[%emt 0:03:04]} Ra4 {[%emt 0:00:24]} 30. Bxc5 {[%emt 0:00:13]} bxc5 {[%emt 0:00:03]} 31. e6 {[%emt 0:00:50]} fxe6 {[%emt 0:00:03]} 32. dxe6 {[%emt 0:00:04]} Nc4+ {[%emt 0:00:23]} 33. Bxc4 {[%emt 0:02:22]} Rxc4 {[%emt 0:00:01]} 34. Rf7+ {[%emt 0:00:06]} Kg6 {[%emt 0:00:18]} 35. Rxa7 {[%emt 0:00:04]} h4 {[%emt 0:06:00]} 36. a4 {[%emt 0:01:09]} Kf6 {[%emt 0:00:00]} 37. e7 {[%emt 0:07:33]} Kf7 {[%emt 0:01:00]} 38. a5 {[%emt 0:00:00]} 1-0

[Event "94th FRA-ch 2019"]
[Site "Chartres"]
[Date "2019.08.18"]
[Round "2.3"]
[White "Moussard, Jules"]
[Black "Cornette, Matthieu"]
[Result "1/2-1/2"]
[WhiteElo "2595"]
[BlackElo "2555"]
[Annotator "ChessBase"]
[PlyCount "96"]
[EventDate "2019.08.17"]
[EventType "tourn"]
[EventCountry "FRA"]
[SourceTitle "playchess.com"]
[Source "ChessBase"]
[SourceQuality "1"]
[TimeControl "40/5400+30:1800+30"]

1. f4 {[%emt 0:00:00]} d5 {[%emt 0:06:13]} 2. Nf3 {[%emt 0:01:29]} Nf6 {[%emt 0:00:34]} 3. g3 {[%emt 0:00:08]} e6 {[%emt 0:01:04]} 4. Bg2 {[%emt 0:00:31]} Be7 {[%emt 0:00:39]} 5. O-O {[%emt 0:01:10]} b5 {[%emt 0:01:19]} 6. d3 {[%emt 0:04:04]} Bb7 {[%emt 0:01:06]} 7. a4 {[%emt 0:11:17]} b4 {[%emt 0:01:14]} 8. e4 {[%emt 0:01:45]} dxe4 {[%emt 0:01:46]} 9. Ng5 {[%emt 0:01:16]} Na6 {[%emt 0:19:30]} 10. Nxe4 {[%emt 0:04:47]} Bxe4 {[%emt 0:14:31]} 11. Bxe4 {[%emt 0:17:33]} Qd4+ {[%emt 0:00:26]} 12. Kg2 {[%emt 0:00:05]} Nxe4 {[%emt 0:00:04]} 13. Qf3 {[%emt 0:01:05]} Nac5 {[%emt 0:00:24]} 14. dxe4 {[%emt 0:19:12]} Qxe4 {[%emt 0:00:51]} 15. Nd2 {[%emt 0:01:38]} Qxf3+ {[%emt 0:12:09]} 16. Kxf3 {[%emt 0:00:11]} Rd8 {[%emt 0:06:13]} 17. Nc4 {[%emt 0:02:09]} Nb7 {[%emt 0:04:43]} 18. Be3 {[%emt 0:01:35]} a5 {[%emt 0:03:40]} 19. c3 {[%emt 0:03:18]} f6 {[%emt 0:01:26]} 20. Rac1 {[%emt 0:00:37]} Rd5 {[%emt 0:03:37]} 21. Rf2 {[%emt 0:02:12]} O-O {[%emt 0:02:07]} 22. Rfc2 {[%emt 0:02:33]} Rfd8 {[%emt 0:02:18]} 23. Nd2 {[%emt 0:04:20]} Nc5 {[%emt 0:12:01]} 24. Bxc5 {[%emt 0:04:21]} Bxc5 {[%emt 0:00:12]} 25. Nc4 {[%emt 0:00:03]} bxc3 {[%emt 0:01:41]} 26. bxc3 {[%emt 0:02:14]} Bf8 {[%emt 0:00:48]} 27. Rb1 {[%emt 0:02:05]} Rc5 {[%emt 0:00:16]} 28. Ne3 {[%emt 0:00:02]} Rd3 {[%emt 0:00:40]} 29. Rb3 {[%emt 0:00:03]} e5 {[%emt 0:01:57]} 30. Ke4 {[%emt 0:04:28]} Rd8 {[%emt 0:00:12]} 31. Rb5 {[%emt 0:00:38]} exf4 {[%emt 0:00:31]} 32. Rxc5 {[%emt 0:02:07]} Bxc5 {[%emt 0:00:04]} 33. Nc4 {[%emt 0:00:01]} fxg3 {[%emt 0:00:25]} 34. hxg3 {[%emt 0:00:02]} Rd1 {[%emt 0:01:42]} 35. Rb2 {[%emt 0:07:38]} Ra1 {[%emt 0:00:06]} 36. Rb8+ {[%emt 0:00:48]} Bf8 {[%emt 0:00:15]} 37. Rc8 {[%emt 0:00:30]} Rxa4 {[%emt 0:00:19]} 38. Rxc7 {[%emt 0:00:02]} Bd6 {[%emt 0:01:19]} 39. Rc8+ {[%emt 0:00:05]} Kf7 {[%emt 0:00:04]} 40. g4 {[%emt 0:00:01]} Be7 {[%emt 0:00:45]} 41. Rc7 {[%emt 0:06:05]} g6 {[%emt 0:08:44]} 42. Kd5 {[%emt 0:01:53]} Ra1 {[%emt 0:00:21]} 43. Ra7 {[%emt 0:02:23]} Rd1+ {[%emt 0:08:25]} 44. Ke4 {[%emt 0:00:22]} Re1+ {[%emt 0:01:55]} 45. Kd3 {[%emt 0:03:25]} h5 {[%emt 0:03:52]} 46. gxh5 {[%emt 0:00:22]} gxh5 {[%emt 0:00:14]} 47. Kd2 {[%emt 0:02:10]} Rh1 {[%emt 0:02:09]} 48. Ne3 {[%emt 0:00:21]} a4 {[%emt 0:09:09]} 1/2-1/2

[Event "94th FRA-ch 2019"]
[Site "Chartres"]
[Date "2019.08.18"]
[Round "2.4"]
[White "Gozzoli, Yannick"]
[Black "Feller, Sebastien"]
[Result "1/2-1/2"]
[WhiteElo "2614"]
[BlackElo "2577"]
[Annotator "ChessBase"]
[PlyCount "24"]
[EventDate "2019.08.17"]
[EventType "tourn"]
[EventCountry "FRA"]
[SourceTitle "playchess.com"]
[Source "ChessBase"]
[SourceQuality "1"]
[TimeControl "40/5400+30:1800+30"]

1. d4 {[%emt 0:00:00]} d5 {[%emt 0:00:00]} 2. c4 {[%emt 0:00:00]} e6 {[%emt 0:00:16]} 3. Nc3 {[%emt 0:00:09]} c6 {[%emt 0:01:36]} 4. Nf3 {[%emt 0:06:01]} dxc4 {[%emt 0:04:44]} 5. a4 {[%emt 0:02:31]} Bb4 {[%emt 0:00:28]} 6. g3 {[%emt 0:00:24]} c5 {[%emt 0:00:34]} 7. Be3 {[%emt 0:20:56]} Ne7 {[%emt 0:09:31]} 8. Bg2 {[%emt 0:18:24]} Nbc6 {[%emt 0:00:50]} 9. dxc5 {[%emt 0:04:42]} Qxd1+ {[%emt 0:01:29]} 10. Rxd1 {[%emt 0:02:24]} Nd5 {[%emt 0:00:10]} 11. Bd2 {[%emt 0:11:07]} Nxc3 {[%emt 0:00:38]} 12. Bxc3 {[%emt 0:00:08]} Bxc3+ {[%emt 1:15:44]} 1/2-1/2

[Event "94th FRA-ch 2019"]
[Site "Chartres"]
[Date "2019.08.18"]
[Round "2.5"]
[White "Gharamian, Tigran"]
[Black "Maze, Sebastien"]
[Result "1/2-1/2"]
[WhiteElo "2586"]
[BlackElo "2554"]
[Annotator "ChessBase"]
[PlyCount "35"]
[EventDate "2019.08.17"]
[EventType "tourn"]
[EventCountry "FRA"]
[SourceTitle "playchess.com"]
[Source "ChessBase"]
[SourceQuality "1"]
[TimeControl "40/5400+30:1800+30"]

1. e4 {[%emt 0:00:00]} c5 {[%emt 0:05:02]} 2. Nf3 {[%emt 0:00:16]} e6 {[%emt 0:00:03]} 3. g3 {[%emt 0:00:28]} Nc6 {[%emt 0:00:47]} 4. Bg2 {[%emt 0:00:18]} Nf6 {[%emt 0:00:35]} 5. Qe2 {[%emt 0:04:14]} e5 {[%emt 0:00:27]} 6. O-O {[%emt 0:00:07]} Be7 {[%emt 0:00:11]} 7. c3 {[%emt 0:01:20]} O-O {[%emt 0:00:36]} 8. Rd1 {[%emt 0:01:16]} d5 {[%emt 0:12:40]} 9. d4 {[%emt 0:39:47]} cxd4 {[%emt 0:35:01]} 10. exd5 {[%emt 0:02:19]} Qxd5 {[%emt 0:01:35]} 11. Nxd4 {[%emt 0:03:44]} e4 {[%emt 0:00:27]} 12. Nxc6 {[%emt 0:03:57]} Qxc6 {[%emt 0:00:15]} 13. h3 {[%emt 0:00:45]} Bf5 {[%emt 0:03:00]} 14. Be3 {[%emt 0:02:49]} Qe6 {[%emt 0:03:20]} 15. Kh2 {[%emt 0:10:58]} Nd5 {[%emt 0:11:01]} 16. Bd4 {[%emt 0:06:10]} Bg6 {[%emt 0:02:51]} 17. c4 {[%emt 0:07:52]} Nb4 {[%emt 0:02:44]} 18. Nc3 {[%emt 0:12:40]} 1/2-1/2

[Event "94th FRA-ch 2019"]
[Site "Chartres"]
[Date "2019.08.19"]
[Round "3.1"]
[White "Lagarde, Maxime"]
[Black "Moussard, Jules"]
[Result "1-0"]
[WhiteElo "2626"]
[BlackElo "2595"]
[Annotator "TA"]
[PlyCount "71"]
[EventDate "2019.08.17"]
[EventType "tourn"]
[EventCountry "FRA"]
[SourceTitle "playchess.com"]
[Source "ChessBase"]
[SourceQuality "1"]

{[%evp 9,71,0,0,-16,-16,-10,-23,-16,-18,-20,-7,-16,0,0,0,-27,-21,-33,-33,-27,-35,-33,-34,-67,1,-56,-41,-50,-45,-72,-66,-68,-72,-81,8,8,6,6,359,368,354,339,366,339,781,773,955,949,1200,819,1577,1295,1125,820,1107,943,1091,1060,1433,1282,1852,1703,2927,716]} 1. e4 c5 2. Nc3 d6 3. d4 cxd4 4. Qxd4 Nc6 5. Qd2 Nf6 6. b3 {B23: Closed Sicilian: Lines without g3} e6 7. Bb2 a6 (7... d5 8. exd5 exd5 9. O-O-O Be6 10. a3 Bc5 11. Nf3 {½-½ (49) Caruana,F (2819)-Vachier Lagrave,M (2773) Karlsruhe/Baden Baden 2019}) 8. f4 {Black has an edge.} b5 9. Bd3 Bb7 10. Nf3 Qb6 $146 ({Predecessor:} 10... Nb4 11. a3 Nxd3+ 12. cxd3 {1-0 (50) Sevian,S (2641)-Sasikiran,K (2671) Saint Louis 2018}) 11. O-O-O Nb4 12. Kb1 Be7 13. Rhe1 Nxd3 14. cxd3 a5 15. g4 a4 16. g5 Nd7 (16... Nh5 $1 $15 17. f5 axb3 18. axb3 Qa5) 17. f5 (17. b4 $11) 17... axb3 $15 18. axb3 Qa5 19. Nd4 Nc5 {White must now prevent ...b4.} 20. f6 gxf6 21. gxf6 {[#]} Bxf6 {[#]} ({Black should try} 21... Bf8 $1 $17 {Threatens to win with ...b4.} 22. Ncxb5 Qa2+ {[%mdl 64] Double Attack} 23. Kc2 Rc8) 22. b4 $1 $36 {[%cal Rb4a5][%mdl 2624] Decoy. White fights for an advantage.} Qxb4 23. Nd5 $1 {[%cal Rd5f6][%mdl 64] Double Attack} Qa4 $2 {[%mdl 8192]} (23... Qxd2 $11 24. Nxf6+ Ke7 25. Rxd2 Kxf6) 24. Nxf6+ $18 Kd8 {[#]} 25. Qg5 $1 {Strongly threatening Nd5+.} h6 26. Qg7 $1 {[%csl LRf7,LRh8][%mdl 64] Double Attack} Kc7 $2 {[#]} (26... e5 27. Qxh8+ Kc7 28. Ne8+ Kd7) 27. Nxe6+ $1 {[%mdl 576] Pin. White is clearly winning.} Kb6 (27... Nxe6 28. Qxf7+) 28. Nxc5 Qa2+ 29. Kc1 Rhg8 30. Nfd7+ Kc7 31. Qc3 dxc5 32. Nxc5 Bc6 33. Rf1 Rg2 34. Rd2 Rg5 35. h4 Rh5 36. Qe5+ {Accuracy: White = 65%, Black = 47%.} 1-0